Datum a čas kvízu
27
Celkem bodů
Celkový počet nahraných bodů na tomto kvízu bez doplňovacích otázek.
4.
Pořadí na kvízu
Konečné umístění týmu na tomto kvízu.
Zaznamenané odpovědi
| # | Otázka | Odpověď | Body | Výsledky |
|---|---|---|---|---|
| 1. | O konfliktu prezidenta Pavla s... | D | 1 | |
| 2. | Parašutista Nicolas Scarabrin... | oko jehly | 1 | |
| 3. | TV Prima minulý týden představ... | Asia Express | 0 | |
| 4. | Tým španělských vědců vedený D... | slinivky | 1 | |
| 5. | Ve kterém evropském státě nabí... | ve Španělsku | 0 | |
| 6. | Na obrázku níže můžete vidět d... | Drákula a Frankenstein | 0.5 | |
| 7. | Co by to bylo za hororové téma... | D | 1 | |
| 8. | Ze které (převážně videoherní)... | Resident Evil | 1 | |
| 9. | Michael Myers, zabiják ze séri... | A | 0 | |
| 10. | Čím je inspirován česko-americ... | D | 0 |